<?xml version="1.0" encoding="UTF-8"?>
<record
    xmlns:xsi="http://www.w3.org/2001/XMLSchema-instance"
    xsi:schemaLocation="http://www.loc.gov/MARC21/slim http://www.loc.gov/standards/marcxml/schema/MARC21slim.xsd"
    xmlns="http://www.loc.gov/MARC21/slim">

  <leader>02663nam a22002897a 4500</leader>
  <controlfield tag="005">20250628093450.0</controlfield>
  <controlfield tag="008">250626b        |||||||| |||| 00| 0 eng d</controlfield>
  <datafield tag="020" ind1=" " ind2=" ">
    <subfield code="a">9789353454265</subfield>
  </datafield>
  <datafield tag="040" ind1=" " ind2=" ">
    <subfield code="c">AL</subfield>
  </datafield>
  <datafield tag="041" ind1=" " ind2=" ">
    <subfield code="a">English</subfield>
  </datafield>
  <datafield tag="082" ind1=" " ind2=" ">
    <subfield code="a">351.1</subfield>
    <subfield code="b">SABK</subfield>
  </datafield>
  <datafield tag="100" ind1=" " ind2=" ">
    <subfield code="a">Mahendra Sabharwal</subfield>
    <subfield code="9">216428</subfield>
  </datafield>
  <datafield tag="245" ind1=" " ind2=" ">
    <subfield code="a">Kashmir under 370</subfield>
    <subfield code="b">: A personal history by Jammu and Kashmir former director general of police</subfield>
  </datafield>
  <datafield tag="260" ind1=" " ind2=" ">
    <subfield code="a">New Delhi</subfield>
    <subfield code="b">Juggernaut books</subfield>
    <subfield code="c">2024</subfield>
  </datafield>
  <datafield tag="300" ind1=" " ind2=" ">
    <subfield code="a">250 p.</subfield>
    <subfield code="b">HB</subfield>
    <subfield code="c">22x14 cm.</subfield>
  </datafield>
  <datafield tag="365" ind1=" " ind2=" ">
    <subfield code="a">KSCR-000225</subfield>
    <subfield code="b">&#x20B9;639.00</subfield>
    <subfield code="c">&#x20B9;799.00</subfield>
    <subfield code="d">&#x20B9;</subfield>
    <subfield code="e">20%</subfield>
    <subfield code="f">20-06-2025</subfield>
  </datafield>
  <datafield tag="520" ind1=" " ind2=" ">
    <subfield code="a">Mahendra Sabharwal was the first IPS officer to be directly assigned the Jammu and Kashmir cadre, in 1964. But when he retired in 2001, after serving as chief of the states police, he was not permitted to buy land and settle down there. Sabharwal was seen as an outsider, an interloper, in the state he loved and had served for close to four decades. This book is a sharply observed and astutely analytical personal history of JandK. It is a lament for the years and lives lost, and a critique of the cynical politics that have hamstrung the state.
In Kashmir Under 370, we meet a cast of characters the prime ministers, governors, chief ministers and politicians who have controlled Kashmirs fate. We see them through Sabharwals eyes and hear the words and thoughts they expressed behind closed doors. We get an unsparing assessment of key players, with an unusual moral clarity. But more than that we see and get a feel of what it means to be 'boots on the ground. From dodging a mob and containing the fallout of Zulfikar Bhuttos hanging to handling the sieges of Hazratbal and managing the funeral marches of fallen separatists, we get an extraordinary ringside view of politics and policing in JandK. Based on intelligence gathered from captured Pakistani terrorists, he even warned American security officials long before 9/11 about plans to target them but he was ignored....
With the abrogation of Article 370, audacious cross-border retaliation for Pakistan-sponsored terror strikes and Indias economic rise, Sabharwal sees reasons for optimism. The ingredients, he argues, for a more hopeful future have come together for the first time in history. And while much yet needs to be done, a promising start has been made.</subfield>
  </datafield>
  <datafield tag="650" ind1=" " ind2=" ">
    <subfield code="a">J&amp;K</subfield>
    <subfield code="9">216197</subfield>
  </datafield>
  <datafield tag="650" ind1=" " ind2=" ">
    <subfield code="a">Delhi in J&amp;K</subfield>
    <subfield code="9">216198</subfield>
  </datafield>
  <datafield tag="650" ind1=" " ind2=" ">
    <subfield code="a">politics in J&amp;K</subfield>
    <subfield code="9">216199</subfield>
  </datafield>
  <datafield tag="650" ind1=" " ind2=" ">
    <subfield code="a">Pakistan in J&amp;K</subfield>
    <subfield code="9">216200</subfield>
  </datafield>
  <datafield tag="650" ind1=" " ind2=" ">
    <subfield code="a">Terrorism</subfield>
    <subfield code="9">216201</subfield>
  </datafield>
  <datafield tag="650" ind1=" " ind2=" ">
    <subfield code="a">The police chief years</subfield>
    <subfield code="9">216202</subfield>
  </datafield>
  <datafield tag="650" ind1=" " ind2=" ">
    <subfield code="a">Mahendra Subharwal was the first IPS officer.</subfield>
    <subfield code="9">216203</subfield>
  </datafield>
  <datafield tag="700" ind1=" " ind2=" ">
    <subfield code="a">Sabharwal, Manish</subfield>
    <subfield code="9">216204</subfield>
  </datafield>
  <datafield tag="942" ind1=" " ind2=" ">
    <subfield code="2">ddc</subfield>
    <subfield code="c">BK</subfield>
  </datafield>
  <datafield tag="999" ind1=" " ind2=" ">
    <subfield code="c">234548</subfield>
    <subfield code="d">234548</subfield>
  </datafield>
  <datafield tag="952" ind1=" " ind2=" ">
    <subfield code="0">0</subfield>
    <subfield code="1">0</subfield>
    <subfield code="2">ddc</subfield>
    <subfield code="4">0</subfield>
    <subfield code="7">0</subfield>
    <subfield code="8">PS</subfield>
    <subfield code="a">AL</subfield>
    <subfield code="b">AL</subfield>
    <subfield code="d">2025-06-23</subfield>
    <subfield code="e">Navakarnataka Publications Pvt Ltd Mangaluru-575001</subfield>
    <subfield code="g">639.00</subfield>
    <subfield code="l">1</subfield>
    <subfield code="o">351.1 SABK</subfield>
    <subfield code="p">077704</subfield>
    <subfield code="r">2025-12-11 08:41:33</subfield>
    <subfield code="s">2025-12-06</subfield>
    <subfield code="v">799.00</subfield>
    <subfield code="w">2025-06-20</subfield>
    <subfield code="y">BK</subfield>
  </datafield>
</record>
